| 000 | 00930cab a2200265 4500 | ||
|---|---|---|---|
| 001 | ABS60182 | ||
| 008 | 090401t1999 xxu||||| |||| 00| 0 eng d | ||
| 035 | _a(Sirsi) u91549 | ||
| 041 | _aeng | ||
| 100 | _aEarley, F. | ||
| 245 | _aRecent developments in the housing and mortgage markets | ||
| 260 | _c1999 | ||
| 350 | _a0 | ||
| 490 |
_aHousing Finance _v(41) February 1999, 5-11(7) |
||
| 520 | _aConsiders developments in the housing and mortgage markets during 1998, and sets out the recommendations made by the Transparency Working Group for 1999. | ||
| 650 | _aECONOMIC GROWTH | ||
| 650 | _aPROPERTY-RESIDENTIAL PROPERTY-ACQUISITION AND DISPOSAL OF RESIDENTIAL PROPERTY | ||
| 650 | _aHOUSE PRICES | ||
| 650 | _aHOUSING MARKET | ||
| 650 | _aMORTGAGE MARKET | ||
| 650 | _aTRANSPARENCY WORKING GROUP | ||
| 690 | _aPROPERTY-RESIDENTIAL PROPERTY-RESIDENTIAL PROPERTY MARKET | ||
| 942 | _n0 | ||
| 948 | _c24/02/1999 | ||
| 999 |
_c58124 _d58124 |
||